Virtuálne prototypovanie obrábacích strojov z hľadiska dynamiky procesov obrábania

Gespeichert in:
Bibliographische Detailangaben
Hauptverfasser: Demeč, Peter (Verfasst von), Svetlík, Jozef (Verfasst von), Semjon, Ján (Verfasst von)
Format: Buch
Sprache:Slowakisch
Veröffentlicht: Košice : Technická univerzita v Košiciach, Strojnícka fakulta, 2011
Schriftenreihe:Edícia vedeckej a odbornej literatúry
Schlagworte:
Online-Zugang:OBSAH
Tags: Tag hinzufügen
Keine Tags, Fügen Sie das erste Tag hinzu!

MARC

LEADER 00000nam a22000003a 4500
001 stu245151
005 20150617230140.7
008 120402s2011----xo------------------slo-d
020 |a 978-80-553-0815-9 
040 |a STU  |b slo 
041 0 |a slo 
044 |a xo 
080 |a 621.9.041 
100 1 |a Demeč, Peter  |4 aut 
245 1 |a Virtuálne prototypovanie obrábacích strojov z hľadiska dynamiky procesov obrábania 
260 |a Košice :  |b Technická univerzita v Košiciach, Strojnícka fakulta,  |c 2011 
300 |a 182 s 
650 7 |a obrábacie stroje  |2 stusub 
650 7 |a virtuálne obrábanie  |2 stusub 
700 1 |a Svetlík, Jozef  |4 aut 
700 1 |a Semjon, Ján  |4 aut 
830 0 |a Edícia vedeckej a odbornej literatúry 
856 4 |a https://sweb.mtf.stuba.sk/obsahy/virtualne_prototypovanie_obrabacich_strojov_z_hladiska_dynam  |u https://sweb.mtf.stuba.sk/obsahy/virtualne_prototypovanie_obrabacich_strojov_z_hladiska_dynam  |3 OBSAH 
996 |b 284M080950  |c M*13180-1  |l MMKN  |s A  |a 24  |w stu245151_0001 
996 |b 284M080951  |c M*13180-2  |l MMKN  |s A  |a 24  |w stu245151_0002 
996 |b 284M080952  |c M*13180-3  |l MMKN  |s A  |a 24  |w stu245151_0003 
996 |b 284M080953  |c M*13180-4  |l MMKN  |s A  |a 24  |w stu245151_0004